000 00566nam a2200229Ia 4500
005 20250425162454.0
008 250425s9999 xx 000 0 und d
020 _a9589670970
041 _aspa
082 _a624.1834
100 _aSANCHEZ DE GUZMAN, DIEGO
245 0 _aDURABILIDAD Y PATOLOGIA DEL CONCRETO
250 _a1A ED.
260 _aBOGOTA
_bASOCRETO
260 _aColombia
_bINSTITUTO DEL CONCRETO
_c2006
300 _a219
650 _aCORROSION
650 _aDETERIORO
650 _aLIXIVIADOS DE RAQUIS
942 _c01
010 _a76458
999 _c229934
_d229934